[Event "Quebec-ch classe U2000"]
[Site "St-Jean CAN"]
[Date "1999.10.02"]
[Round "3"]
[White "Lacroix, Serge"]
[Black "Lezaic, Jovan"]
[Result "1/2-1/2"]
[Annotator "Incomplete"]
[WhiteElo "1970"]
[BlackElo "1991"]
[PlyCount "91"]
[GameId "2160767739837769"]
[EventDate "1999.10.01"]
[EventType "swiss"]
[EventRounds "5"]
[EventCountry "CAN"]
[SourceTitle "Lacroix"]

1. e4 e5 2. Nf3 Nc6 3. Bb5 Nf6 4. O-O Nxe4 5. d4 Nd6 6. Bxc6 dxc6 7. dxe5 Nf5 8. Qxd8+ Kxd8 9. Nc3 Ke8 10. Bf4 Be7 11. Rad1 Be6 12. b3 Bb4 13. Ne2 Bc5 14. Ng5 h5 15. Ng3 Nxg3 16. Bxg3 Bg4 17. Rc1 Rd8 18. h3 Bf5 19. e6 fxe6 20. Bxc7 Rd7 21. Be5 Ba3 22. Rcd1 Bxc2 23. Rxd7 Kxd7 24. h4 Rf8 25. Bxg7 Rf5 26. Re1 Bc5 27. Re2 Bd3 28. Rd2 Rd5 29. Nf3 Bf5 30. Ne5+ Kc7 31. Nc4 Rxd2 32. Nxd2 Kd6 33. Nc4+ Kd5 34. Bh6 Bb4 35. a4 b5 36. axb5 cxb5 37. Ne3+ Ke4 38. Kf1 a5 39. Ke2 a4 40. f3+ Ke5 41. bxa4 bxa4 42. g3 Kf6 43. Bg5+ Kg6 44. Nc4 a3 45. Nxa3 Bxa3 46. g4 {etc.} 1/2-1/2

[Event "Quebec-ch classe U2000"]
[Site "St-Jean CAN"]
[Date "1999.10.03"]
[Round "4"]
[White "Mongeau, Diane"]
[Black "Lacroix, Serge"]
[Result "1-0"]
[Annotator "Incomplete"]
[WhiteElo "1823"]
[BlackElo "1970"]
[PlyCount "42"]
[GameId "2160767739837770"]
[EventDate "1999.10.01"]
[EventType "swiss"]
[EventRounds "5"]
[EventCountry "CAN"]
[SourceTitle "Lacroix"]

1. d4 Nf6 2. Nf3 e6 3. Bg5 c5 4. c3 Qb6 5. Qc1 Ne4 6. Bf4 Nc6 7. e3 d5 8. Bd3 cxd4 9. exd4 Bd6 10. Bxd6 Nxd6 11. Nbd2 Bd7 12. O-O Rc8 13. Nb3 Nb4 14. Bb1 Bb5 15. Rd1 Be2 16. Re1 Bxf3 17. Qg5 Be4 18. Qxg7 Rf8 19. cxb4 Qxb4 20. Bxe4 Nxe4 21. f3 Nd2 {etc.} 1-0

[Event "Quebec-ch classe U2000"]
[Site "St-Jean CAN"]
[Date "1999.10.03"]
[Round "4"]
[White "Morin, Louis"]
[Black "Miron, Francois"]
[Result "0-1"]
[WhiteElo "1908"]
[BlackElo "1815"]
[PlyCount "80"]
[GameId "2160767911742113"]
[EventDate "1999.10.01"]
[EventType "swiss"]
[EventRounds "5"]
[EventCountry "CAN"]
[SourceTitle "hb 2013"]

1. e4 c5 2. d4 cxd4 3. c3 dxc3 4. Nxc3 e6 5. Nf3 Bc5 6. Bc4 Ne7 7. O-O a6 8. Qe2 b5 9. Bb3 Qb6 10. a4 b4 11. a5 Qc7 12. Na4 Qxa5 13. Nxc5 Qxc5 14. Be3 Qc7 15. Rfc1 Nbc6 16. Bc5 Qf4 17. Rc4 a5 18. e5 Ba6 19. Rxf4 Bxe2 20. Bd6 Bxf3 21. Rxf3 Nf5 22. Rxf5 exf5 23. f4 h5 24. Kf2 Rh6 25. Bd5 Rxd6 26. exd6 a4 27. Re1+ Kf8 28. Rb1 Ra5 29. Bf3 g6 30. Re1 Nd4 31. Rc1 Nxf3 32. Kxf3 a3 33. bxa3 bxa3 34. Ke3 a2 35. Ra1 Kg7 36. Kd4 Kf6 37. Kc3 Ke6 38. Kb4 Ra8 39. Kc5 Rc8+ 40. Kb4 Rc2 0-1

[Event "Quebec-ch classe U2000"]
[Site "St-Jean CAN"]
[Date "1999.10.03"]
[Round "5"]
[White "Lacroix, Serge"]
[Black "Soskic, Radmilo"]
[Result "1-0"]
[WhiteElo "1970"]
[BlackElo "1860"]
[PlyCount "75"]
[GameId "2160767911742114"]
[EventDate "1999.10.01"]
[EventType "swiss"]
[EventRounds "5"]
[EventCountry "CAN"]
[SourceTitle "Lacroix"]

1. e4 e5 2. Nf3 Nf6 3. Nxe5 d6 4. Nf3 Nxe4 5. d4 d5 6. Bd3 Be7 7. O-O Bg4 8. c4 Nc6 9. cxd5 Qxd5 10. Nc3 Nxc3 11. bxc3 O-O 12. Re1 Bxf3 13. Qxf3 Qxf3 14. gxf3 Bd6 15. Rb1 Rab8 16. Be3 Ne7 17. c4 c6 18. Bf4 Bxf4 19. Rxe7 Rfd8 20. d5 Kf8 21. Rbxb7 Rxb7 22. Rxb7 cxd5 23. Rxa7 Rd6 24. a4 dxc4 25. Bxc4 Rg6+ 26. Kf1 Bxh2 27. Rxf7+ Ke8 28. Rb7 Rg1+ 29. Ke2 Be5 30. a5 Kd8 31. a6 Ra1 32. a7 Kc8 33. Bd5 Bc7 34. Rxc7+ Kxc7 35. a8=Q Rxa8 36. Bxa8 Kd6 37. Ke3 Ke5 38. f4+ 1-0

[Event "Quebec-ch classe U2000"]
[Site "St-Jean CAN"]
[Date "1999.10.03"]
[Round "5"]
[White "Trottier, Julie"]
[Black "Morin, Louis"]
[Result "1/2-1/2"]
[WhiteElo "1810"]
[BlackElo "1908"]
[PlyCount "118"]
[GameId "2160767911742115"]
[EventDate "1999.10.01"]
[EventType "swiss"]
[EventRounds "5"]
[EventCountry "CAN"]
[SourceTitle "hb 2013"]

1. d4 f5 2. Nf3 Nf6 3. h3 d6 4. Bf4 g6 5. e3 Bg7 6. Bc4 e6 7. c3 O-O 8. Nbd2 Qe7 9. Qb3 Nc6 10. Qc2 Kh8 11. O-O e5 12. dxe5 dxe5 13. Bh2 e4 14. Nd4 Ne5 15. Be2 c5 16. N4b3 Nd5 17. Nc4 Nxc4 18. Bxc4 Be6 19. Rfd1 Rad8 20. Bxd5 Bxd5 21. Rd2 Bxb3 22. axb3 Rxd2 23. Qxd2 Rd8 24. Qe2 Qd7 25. Kf1 a6 26. Ke1 Qe6 27. Rd1 Qe7 28. Rxd8+ Qxd8 29. Qc4 Qe7 30. Qd5 b6 31. Qa8+ Qf8 32. Qxa6 Qd8 33. Qb5 h6 34. Qc4 Kh7 35. Qb5 Kh8 36. Qc4 Kh7 37. Ke2 Kh8 38. Bg3 Kh7 39. Bf4 Kh8 40. Bh2 Kh7 41. Ke1 Qd7 42. Qe2 b5 43. Qd1 Qa7 44. Bd6 Qa2 45. Bxc5 Qxb2 46. Bd4 Bxd4 47. cxd4 Kg7 48. Kf1 Kf7 49. d5 Ke7 50. d6+ Kd7 51. Kg1 Qe5 52. Qc2 Qxd6 53. Qe2 Kc6 54. Qc2+ Kb6 55. Qc3 h5 56. Qc2 Qc5 57. Qb2 Ka5 58. Qd2+ b4 59. Qd8+ Qb6 1/2-1/2

[Event "Quebec-ch intercoll."]
[Site "Shawinigan CAN"]
[Date "1999.04.02"]
[Round "1"]
[White "Falardeau, Bruno"]
[Black "Pescarus, Dana"]
[Result "1-0"]
[WhiteElo "1927"]
[BlackElo "1580"]
[PlyCount "46"]
[GameId "2160767911805234"]
[EventDate "1999.04.02"]
[EventType "swiss"]
[EventRounds "6"]
[EventCountry "CAN"]

1. e4 c5 2. Nc3 e6 3. f4 Nc6 4. Nf3 d6 5. Be2 Nf6 6. O-O Be7 7. d4 d5 8. e5 Ne4 9. Bb5 O-O 10. Kh1 f6 11. Bd3 Nxc3 12. bxc3 c4 13. Be2 b5 14. Qe1 Re8 15. Qg3 Bf8 16. Nh4 Qe7 17. Bh5 Rd8 18. f5 exf5 19. exf6 Qe4 20. Bh6 g6 21. Bxg6 hxg6 22. Qxg6+ Kh8 23. Bg7+ Bxg7 1-0

[Event "Quebec-ch intercoll."]
[Site "Shawinigan CAN"]
[Date "1999.04.02"]
[Round "2"]
[White "Pescarus, Radu"]
[Black "Simard, Francois"]
[Result "1-0"]
[WhiteElo "2105"]
[BlackElo "1652"]
[PlyCount "33"]
[GameId "2160767911805235"]
[EventDate "1999.04.02"]
[EventType "swiss"]
[EventRounds "6"]
[EventCountry "CAN"]

1. e4 e5 2. Nf3 Nc6 3. Bb5 Nf6 4. O-O d6 5. d4 a6 6. Bxc6+ bxc6 7. dxe5 Nxe4 8. exd6 cxd6 9. Re1 d5 10. Ng5 Bf5 11. f3 Be7 12. fxe4 dxe4 13. Qxd8+ Rxd8 14. Be3 O-O 15. Nxe4 Rfe8 16. Bf4 Rd4 17. Nd6 1-0

[Event "Quebec-ch intercoll."]
[Site "Shawinigan CAN"]
[Date "1999.04.03"]
[Round "3"]
[White "Morin, Jean-Pascal"]
[Black "Fournelle, Sylvain"]
[Result "1-0"]
[WhiteElo "1869"]
[BlackElo "1449"]
[PlyCount "41"]
[GameId "2160767911805236"]
[EventDate "1999.04.02"]
[EventType "swiss"]
[EventRounds "6"]
[EventCountry "CAN"]

1. e4 e5 2. Nf3 Nc6 3. Nc3 Be7 4. Bc4 Nf6 5. d4 d6 6. dxe5 Nxe5 7. Bb3 Bg4 8. Be3 a5 9. Qe2 c6 10. h3 Nxf3+ 11. gxf3 Bh5 12. a4 O-O 13. O-O-O Qb8 14. Rhg1 Rd8 15. Rg5 h6 16. Rg3 Kh8 17. Qd2 Bf8 18. Bd4 Be7 19. Rdg1 Bg6 20. Bxf7 Nxe4 21. Qxh6+ 1-0

[Event "Quebec-ch intercoll."]
[Site "Shawinigan CAN"]
[Date "1999.04.03"]
[Round "3"]
[White "Soudre, Nicolas"]
[Black "Marineau, Remi"]
[Result "1/2-1/2"]
[WhiteElo "2155"]
[BlackElo "2023"]
[PlyCount "64"]
[GameId "2160767911805237"]
[EventDate "1999.04.02"]
[EventType "swiss"]
[EventRounds "6"]
[EventCountry "CAN"]

1. e4 c5 2. Nc3 e6 3. f4 d5 4. Nf3 Nf6 5. Bb5+ Nc6 6. e5 Nd7 7. Bxc6 bxc6 8. d3 Ba6 9. O-O c4 10. d4 c5 11. f5 cxd4 12. Nxd4 Nxe5 13. Qe2 Bd6 14. Bf4 Qb8 15. fxe6 O-O 16. Nf5 f6 17. Nxd5 Bc5+ 18. Kh1 Qb7 19. Qe4 Rae8 20. e7 Rf7 21. Bxe5 fxe5 22. Nh6+ gxh6 23. Qg4+ Rg7 24. Qe6+ Kh8 25. Rf7 Qc8 26. Qxe5 Qg4 27. Rxg7 Qxg7 28. Qxg7+ Kxg7 29. Nc7 Rxe7 30. Nxa6 Bd6 31. a3 Re2 32. Rc1 Bf4 1/2-1/2

[Event "Quebec-ch intercoll."]
[Site "Shawinigan CAN"]
[Date "1999.04.03"]
[Round "3"]
[White "Trinh, Tri Bao"]
[Black "Beaulieu, Sylvain"]
[Result "1/2-1/2"]
[WhiteElo "1738"]
[BlackElo "1674"]
[PlyCount "60"]
[GameId "2160767911805238"]
[EventDate "1999.04.02"]
[EventType "swiss"]
[EventRounds "6"]
[EventCountry "CAN"]

1. e4 c5 2. c3 d5 3. exd5 Qxd5 4. Nf3 Nf6 5. d4 e6 6. Bd3 Nc6 7. O-O Be7 8. Be3 a6 9. Na3 b5 10. Nc2 Bb7 11. a4 c4 12. Be2 O-O 13. Bg5 Ne4 14. Ne3 Qd6 15. Bxe7 Nxe7 16. Ne5 f6 17. Nf3 Qf4 18. Nd2 Nd5 19. Nxd5 Qxd2 20. Qxd2 Nxd2 21. Nb6 Rad8 22. Rfe1 Nb3 23. Rad1 Rd6 24. Nxc4 bxc4 25. Bxc4 Bd5 26. Bxd5 exd5 27. Re7 Rf7 28. Re8+ Rf8 29. Re7 Rf7 30. Re8+ Rf8 1/2-1/2

[Event "Quebec-ch intercoll."]
[Site "Shawinigan CAN"]
[Date "1999.04.03"]
[Round "4"]
[White "Falardeau, Bruno"]
[Black "Soudre, Nicolas"]
[Result "1/2-1/2"]
[WhiteElo "1927"]
[BlackElo "2155"]
[PlyCount "81"]
[GameId "2160767911805239"]
[EventDate "1999.04.02"]
[EventType "swiss"]
[EventRounds "6"]
[EventCountry "CAN"]

1. e4 e6 2. d4 d5 3. exd5 exd5 4. Bd3 Bd6 5. Nf3 Ne7 6. O-O Bg4 7. Re1 Nbc6 8. c3 Qd7 9. Bg5 O-O-O 10. Nbd2 f6 11. Bh4 Nf5 12. Bg3 Nxg3 13. hxg3 h5 14. Qc2 g5 15. Nh2 Ne7 16. a4 Kb8 17. b4 Be6 18. Nb3 h4 19. Nc5 Bxc5 20. bxc5 hxg3 21. fxg3 Nf5 22. c6 Qh7 23. Nf3 Rd6 24. Rab1 Rxc6 25. Rxe6 Rxe6 26. Bxf5 Qe7 27. Bxe6 Qxe6 28. Re1 Qd7 29. a5 Qd6 30. Qe2 a6 31. Rb1 Ka7 32. Qb2 Rb8 33. Kf2 Qe6 34. Qb4 Qf5 35. Qc5+ Ka8 36. Re1 g4 37. Qxc7 gxf3 38. gxf3 Rh8 39. g4 Qg5 40. Re7 Qd2+ 41. Re2 1/2-1/2

[Event "Quebec-ch intercoll."]
[Site "Shawinigan CAN"]
[Date "1999.04.03"]
[Round "4"]
[White "Pescarus, Radu"]
[Black "Morin, Jean-Pascal"]
[Result "1-0"]
[WhiteElo "2105"]
[BlackElo "1869"]
[PlyCount "29"]
[GameId "2160767911805240"]
[EventDate "1999.04.02"]
[EventType "swiss"]
[EventRounds "6"]
[EventCountry "CAN"]

1. e4 c5 2. f4 Nc6 3. Nf3 g6 4. Bb5 Nd4 5. Nxd4 cxd4 6. O-O Bg7 7. Kh1 a6 8. Bc4 e6 9. f5 Qh4 10. Qf3 Nh6 11. d3 Ng4 12. Bf4 Ne5 13. Qe2 Nxc4 14. dxc4 d3 15. cxd3 1-0

[Event "Quebec-ch intercoll."]
[Site "Shawinigan CAN"]
[Date "1999.04.04"]
[Round "5"]
[White "Marineau, Remi"]
[Black "Pescarus, Radu"]
[Result "1-0"]
[WhiteElo "2025"]
[BlackElo "2105"]
[PlyCount "113"]
[GameId "2160767911805241"]
[EventDate "1999.04.02"]
[EventType "swiss"]
[EventRounds "6"]
[EventCountry "CAN"]

1. e4 c5 2. d4 cxd4 3. Nf3 d6 4. Nxd4 Nf6 5. Nc3 a6 6. Bg5 e6 7. f4 Be7 8. Qf3 Qc7 9. O-O-O Nc6 10. f5 Ne5 11. Qh3 exf5 12. Nxf5 Bxf5 13. Qxf5 Ned7 14. Bd3 Qc5 15. Nd5 Nxd5 16. exd5 Bxg5+ 17. Qxg5 O-O 18. Qf5 Nf6 19. Rhf1 Qe3+ 20. Kb1 Rae8 21. a3 Re5 22. Rf3 Qh6 23. Qh3 Qxh3 24. Rxh3 g6 25. Bc4 Ng4 26. Rc3 Ne3 27. Rd2 Rc8 28. Bb3 Rxc3 29. bxc3 Nf1 30. Rf2 Ne3 31. Rd2 Kg7 32. c4 b6 33. g3 Re4 34. Re2 Nxc4 35. Bxc4 Rxc4 36. Re7 Rc5 37. Rb7 Rxd5 38. Rxb6 Rb5+ 39. Rxb5 axb5 40. c4 Kf6 41. cxb5 Ke7 42. Kc2 f5 43. Kd3 g5 44. a4 Kd7 45. a5 Kc7 46. Kd4 h5 47. a6 g4 48. a7 Kb7 49. b6 f4 50. Kd5 fxg3 51. hxg3 h4 52. Kxd6 hxg3 53. a8=Q+ Kxa8 54. Kc7 g2 55. b7+ Ka7 56. b8=Q+ Ka6 57. Qb6# 1-0

[Event "Quebec-ch intercoll."]
[Site "Shawinigan CAN"]
[Date "1999.04.04"]
[Round "5"]
[White "Rostand, Virgile"]
[Black "Falardeau, Bruno"]
[Result "1-0"]
[WhiteElo "1556"]
[BlackElo "1927"]
[PlyCount "63"]
[GameId "2160767911805242"]
[EventDate "1999.04.02"]
[EventType "swiss"]
[EventRounds "6"]
[EventCountry "CAN"]

1. e4 e6 2. Nc3 d5 3. g3 c5 4. Bg2 d4 5. Nce2 Nc6 6. d3 Nf6 7. Nf3 Be7 8. O-O O-O 9. Bd2 Qc7 10. Rb1 Nh5 11. Nf4 Nxf4 12. Bxf4 e5 13. Bd2 f5 14. exf5 Bxf5 15. Ng5 Rae8 16. Bd5+ Kh8 17. Nf7+ Rxf7 18. Bxf7 Rf8 19. Bd5 Bh3 20. Bg2 Qd7 21. a3 b5 22. Bxh3 Qxh3 23. f4 exf4 24. Rxf4 Re8 25. Re4 Rf8 26. Qe2 Qd7 27. Rf1 h6 28. Rxf8+ Bxf8 29. Re8 Qf7 30. Bf4 Ne7 31. Rxf8+ Qxf8 32. Bd6 1-0

[Event "Quebec-ch intercoll."]
[Site "Shawinigan CAN"]
[Date "1999.04.04"]
[Round "6"]
[White "Deschesnes, Jean"]
[Black "Trinh, Tri Bao"]
[Result "1/2-1/2"]
[WhiteElo "1817"]
[BlackElo "1738"]
[PlyCount "42"]
[GameId "2160767911805243"]
[EventDate "1999.04.02"]
[EventType "swiss"]
[EventRounds "6"]
[EventCountry "CAN"]

1. d4 Nf6 2. Nf3 d6 3. Nc3 g6 4. e4 Bg7 5. Be2 O-O 6. O-O Nbd7 7. Bg5 a6 8. a4 c5 9. e5 dxe5 10. dxe5 Ng4 11. e6 fxe6 12. Bc4 Ndf6 13. Qe2 Qb6 14. Ra3 Kh8 15. Rb3 Qc7 16. h3 Nh6 17. Bxe6 Bxe6 18. Qxe6 Nf5 19. Ne5 Nd4 20. Nf7+ Kg8 21. Nh6+ Kh8 1/2-1/2

[Event "Quebec-ch intercoll."]
[Site "Shawinigan CAN"]
[Date "1999.04.04"]
[Round "6"]
[White "Morin, Jean-Pascal"]
[Black "Marineau, Remi"]
[Result "1-0"]
[WhiteElo "1869"]
[BlackElo "2023"]
[PlyCount "51"]
[GameId "2160767911805244"]
[EventDate "1999.04.02"]
[EventType "swiss"]
[EventRounds "6"]
[EventCountry "CAN"]

1. e4 c5 2. Nf3 e6 3. d4 cxd4 4. Nxd4 Nf6 5. Nc3 d6 6. Bc4 Be7 7. Bb3 a6 8. Be3 b5 9. f3 Bb7 10. Qd2 d5 11. e5 Nfd7 12. f4 g6 13. O-O Nb6 14. Qf2 Nc4 15. Bxc4 dxc4 16. f5 gxf5 17. Nxf5 exf5 18. Qxf5 O-O 19. e6 Kh8 20. exf7 Nc6 21. Rad1 Qb8 22. Bf4 Qa7+ 23. Kh1 Rxf7 24. Qxf7 Rf8 25. Qe6 Bf6 26. Bg5 1-0

[Event "Quebec-ch intercoll."]
[Site "Shawinigan CAN"]
[Date "1999.04.04"]
[Round "6"]
[White "Perron, Jonathan"]
[Black "Falardeau, Bruno"]
[Result "1-0"]
[WhiteElo "1659"]
[BlackElo "1927"]
[PlyCount "63"]
[GameId "2160767911805245"]
[EventDate "1999.04.02"]
[EventType "swiss"]
[EventRounds "6"]
[EventCountry "CAN"]

1. e4 e6 2. d4 d5 3. Nd2 Nf6 4. e5 Nfd7 5. Bd3 c5 6. c3 Nc6 7. Ne2 Qb6 8. Nf3 f6 9. exf6 Nxf6 10. O-O Bd6 11. Re1 O-O 12. b3 Bd7 13. Bf4 Be7 14. Ne5 Rae8 15. Nxd7 Nxd7 16. Bg3 Bf6 17. Nf4 Nd8 18. Qh5 h6 19. Qg6 Qc6 20. Qh7+ Kf7 21. Bg6+ Ke7 22. Bxe8 Rxe8 23. Ng6+ Kf7 24. Ne5+ Nxe5 25. dxe5 Be7 26. Bf4 Kf8 27. Bxh6 gxh6 28. Qxh6+ Kg8 29. Qg6+ Kf8 30. Re3 Bh4 31. Rf3+ Ke7 32. Qg7+ 1-0

[Event "Quebec-ch qual. 1"]
[Site "Montreal CAN"]
[Date "1999.04.23"]
[Round "1"]
[White "Dominique, Vladimir"]
[Black "Lacroix, Serge"]
[Result "0-1"]
[WhiteElo "1602"]
[BlackElo "1964"]
[PlyCount "83"]
[GameId "2160767911805175"]
[EventDate "1999.04.23"]
[EventType "swiss"]
[EventRounds "5"]
[EventCountry "CAN"]
[SourceTitle "Lacroix"]

1. e4 e5 2. f4 exf4 3. Nf3 Be7 4. Bc4 Nf6 5. d3 d5 6. exd5 Nxd5 7. Bxd5 Qxd5 8. Bxf4 O-O 9. O-O Bg4 10. Nc3 Qc5+ 11. Kh1 Nc6 12. Qd2 Bxf3 13. Rxf3 Nd4 14. Rf2 Bh4 15. Ne4 Qc6 16. Bg3 Bxg3 17. Nxg3 g6 18. c3 Ne6 19. d4 Rad8 20. Rf6 Rd6 21. Raf1 Ng7 22. Rxd6 cxd6 23. Qf4 d5 24. h3 f5 25. Re1 Re8 26. Re5 Qd6 27. Ne2 Rxe5 28. Qxe5 Qxe5 29. dxe5 Ne6 30. Kg1 Nc5 31. Nf4 Na4 32. Nxd5 Nxb2 33. e6 Nd3 34. Nf6+ Kf8 35. Nxh7+ Ke7 36. Ng5 Nc1 37. a3 Ne2+ 38. Kf2 Nxc3 39. Ke3 Nb5 40. a4 Nc7 41. g4 Nxe6 42. Nf3 0-1

[Event "Quebec-ch qual. 1"]
[Site "Montreal CAN"]
[Date "1999.04.26"]
[Round "3"]
[White "Hua, Lefong"]
[Black "Lacroix, Serge"]
[Result "1-0"]
[WhiteElo "2283"]
[BlackElo "1964"]
[PlyCount "77"]
[GameId "2160767911805176"]
[EventDate "1999.04.23"]
[EventType "swiss"]
[EventRounds "5"]
[EventCountry "CAN"]
[SourceTitle "Lacroix"]

1. c4 Nf6 2. Nc3 e6 3. e4 d5 4. e5 d4 5. exf6 dxc3 6. bxc3 Qxf6 7. d4 c5 8. Nf3 cxd4 9. cxd4 Bb4+ 10. Bd2 Bxd2+ 11. Qxd2 Nd7 12. Bd3 b6 13. O-O Bb7 14. Qe3 Bxf3 15. gxf3 O-O 16. f4 Rfd8 17. Rad1 Nf8 18. Kh1 Rac8 19. Qe5 Qxe5 20. fxe5 Ng6 21. Bxg6 hxg6 22. d5 Rxc4 23. d6 g5 24. Rfe1 Kf8 25. Rd3 Ke8 26. Ra3 a5 27. Rb3 Rb8 28. Rg3 f6 29. exf6 gxf6 30. Rxe6+ Kf7 31. Re7+ Kg6 32. Rd3 Rd8 33. Kg2 g4 34. d7 Rc7 35. Kg3 f5 36. Rd6+ Kg5 37. f4+ gxf3 38. h4+ Kh5 39. Rh7# 1-0

[Event "Quebec-ch qual. 1"]
[Site "Montreal CAN"]
[Date "1999.04.25"]
[Round "5"]
[White "Hua, Lefong"]
[Black "Desjardins, Andre"]
[Result "1-0"]
[WhiteElo "2283"]
[BlackElo "2167"]
[PlyCount "87"]
[GameId "2160767911805177"]
[EventDate "1999.04.23"]
[EventType "swiss"]
[EventRounds "5"]
[EventCountry "CAN"]
[SourceTitle "Echec+ 1999.07"]

1. c4 Nf6 2. Nc3 g6 3. e4 d6 4. d4 Bg7 5. f4 O-O 6. Nf3 c5 7. d5 e6 8. Be2 exd5 9. cxd5 Re8 10. Nd2 Na6 11. O-O Nc7 12. a4 b6 13. Re1 Ba6 14. Bxa6 Nxa6 15. Nc4 Nb4 16. g4 h5 17. g5 Ng4 18. Nb5 a6 19. Nbxd6 Bd4+ 20. Kg2 Nf2 21. Qf3 Nc2 22. Bd2 Re7 23. Rac1 Nxe1+ 24. Bxe1 b5 25. Bxf2 bxc4 26. Nxc4 Bxf2 27. Kxf2 Qe8 28. a5 Rd8 29. e5 Qa4 30. d6 Red7 31. Qa3 Qc6 32. Nb6 Qe4 33. Qe3 Qb4 34. b3 Qxa5 35. Nxd7 Rxd7 36. Rxc5 Qa2+ 37. Kg3 Rb7 38. Rc3 h4+ 39. Kh3 Qb1 40. Kxh4 f5 41. exf6 Qf1 42. Rc8+ Kh7 43. Rc7+ Rxc7 44. dxc7 1-0

[Event "Quebec-ch qual. 2"]
[Site "Montreal CAN"]
[Date "1999.05.14"]
[Round "1"]
[White "Bolduc, Steve"]
[Black "Papineau (Montreal), Daniel"]
[Result "0-1"]
[WhiteElo "2227"]
[BlackElo "1933"]
[PlyCount "66"]
[GameId "2160767911805091"]
[EventDate "1999.05.16"]
[EventType "swiss"]
[EventRounds "5"]
[EventCountry "CAN"]
[SourceTitle "hb 2011"]

1. d4 f5 2. c4 Nf6 3. g3 g6 4. Bg2 Bg7 5. Nc3 O-O 6. Nf3 d6 7. O-O Qe8 8. d5 h6 9. Nd4 Na6 10. Ncb5 Bd7 11. Ne6 Bxe6 12. dxe6 c6 13. Nd4 Qc8 14. Re1 Nc5 15. e4 fxe4 16. Be3 Nd3 17. Bxe4 Nxe1 18. Bxg6 c5 19. Nf5 Qxe6 20. Qxe1 Ng4 21. Bf4 Be5 22. Qe4 Rf6 23. Qxb7 Raf8 24. Nxe7+ Kh8 25. Bh5 Nxf2 26. Re1 Nd3 27. Bxe5 Nxe5 28. Rd1 Nf3+ 29. Kh1 Ne1 30. Ng6+ Rxg6 31. h4 Rf1+ 32. Kh2 Rf2+ 33. Kh1 Qh3+ 0-1

[Event "Quebec-ch qual. 2"]
[Site "Montreal CAN"]
[Date "1999.05.17"]
[Round "2"]
[White "Larochelle, Martial"]
[Black "Lacroix, Serge"]
[Result "1-0"]
[Annotator "Incomplete"]
[WhiteElo "2193"]
[BlackElo "1958"]
[PlyCount "68"]
[GameId "2160767739382519"]
[EventDate "1999.05.16"]
[EventType "swiss"]
[EventRounds "5"]
[EventCountry "CAN"]
[SourceTitle "Lacroix"]

1. Nf3 Nf6 2. g3 e6 3. Bg2 d5 4. O-O Be7 5. d3 O-O 6. Nbd2 c5 7. e4 Nc6 8. Re1 Qc7 9. e5 Nd7 10. Qe2 b6 11. h4 a5 12. Nf1 Ba6 13. c3 b5 14. Bf4 b4 15. c4 Nb6 16. b3 a4 17. h5 axb3 18. axb3 Bb7 19. h6 g6 20. N1d2 Rxa1 21. Rxa1 Ra8 22. Rxa8+ Bxa8 23. Qe3 Qd8 24. Bg5 Bxg5 25. Nxg5 Nd4 26. Ngf3 dxc4 27. dxc4 Bxf3 28. Bxf3 Nd7 29. Bg4 Qc7 30. f4 Qa5 31. Qe4 Qa1+ 32. Nf1 Nxb3 33. Qc6 Qd4+ 34. Kg2 Nd2 {Time} 1-0

[Event "Quebec-ch qual. 2"]
[Site "Montreal CAN"]
[Date "1999.05.15"]
[Round "3"]
[White "Galustov, Karen"]
[Black "Bolduc, Steve"]
[Result "0-1"]
[WhiteElo "1535"]
[BlackElo "2227"]
[PlyCount "76"]
[GameId "2160767911805092"]
[EventDate "1999.05.16"]
[EventType "swiss"]
[EventRounds "5"]
[EventCountry "CAN"]
[SourceTitle "hb 2011"]

1. d4 Nf6 2. c4 c6 3. Nc3 d5 4. Nf3 dxc4 5. a4 Bf5 6. Bg5 Ne4 7. e3 Nxg5 8. Nxg5 e6 9. Nf3 Qb6 10. Qc1 Bb4 11. Bxc4 O-O 12. O-O Nd7 13. Nh4 Bg4 14. f3 Bh5 15. g4 Qd8 16. Qe1 Bg6 17. Nxg6 hxg6 18. h4 c5 19. Rd1 cxd4 20. Rxd4 Qe7 21. Kg2 Bc5 22. Rd2 Ne5 23. Bb3 Rad8 24. Rxd8 Rxd8 25. Kh3 Rd3 26. Bd1 Rxe3 27. Qg3 Bd6 28. Ne4 Bc7 29. Qf2 Nd3 30. Qd2 Nf4+ 31. Kg3 Rd3 32. Qc2 Rd8 33. g5 Nd5+ 34. Kh3 Ne3 35. Qe2 Nxf1 36. Qxf1 Qb4 37. Qe2 Qd4 38. Bb3 Qd3 0-1

[Event "Quebec-ch qual. 2"]
[Site "Montreal CAN"]
[Date "1999.05.15"]
[Round "3"]
[White "Lacroix, Serge"]
[Black "Cote, Claude"]
[Result "1-0"]
[WhiteElo "1958"]
[BlackElo "1684"]
[PlyCount "126"]
[GameId "2160767911805093"]
[EventDate "1999.05.16"]
[EventType "swiss"]
[EventRounds "5"]
[EventCountry "CAN"]
[SourceTitle "Lacroix"]

1. e4 e5 2. Nf3 Nc6 3. Bb5 a6 4. Ba4 d6 5. Bxc6+ bxc6 6. d4 f6 7. dxe5 fxe5 8. Nxe5 Qe7 9. Nxc6 Qxe4+ 10. Qe2 Qxe2+ 11. Kxe2 Bb7 12. Nd4 Bxg2 13. Rg1 Bh3 14. Bg5 h6 15. Be3 Nf6 16. Nc3 d5 17. Nc6 Bd7 18. Ne5 Bf5 19. Ng6 Rg8 20. Nxf8 Kxf8 21. Rad1 Rd8 22. Rd2 Kf7 23. f3 Rge8 24. Kf2 Re6 25. Bd4 c6 26. Na4 a5 27. Bxf6 Rxf6 28. Nc5 Rg6 29. Rxg6 Bxg6 30. c4 Bf5 31. cxd5 Rxd5 32. Rxd5 cxd5 33. Ke3 Bb1 34. a3 Kf6 35. Nb7 a4 36. Nc5 Ke5 37. Nxa4 d4+ 38. Ke2 Kd5 39. Nb6+ Kc5 40. Nd7+ Kd6 41. Nb8 Kc7 42. Na6+ Kb6 43. Nb4 Kb5 44. b3 Bf5 45. Kd2 Be6 46. Kc2 g6 47. Nd3 g5 48. a4+ Ka5 49. b4+ Kb6 50. Ne5 Bf5+ 51. Kd2 h5 52. Nc4+ Kc6 53. a5 Bc8 54. Kd3 g4 55. fxg4 hxg4 56. Kxd4 Ba6 57. Na3 Be2 58. Ke3 Bf1 59. Kf4 Be2 60. Nc2 Kb7 61. Nd4 Bd1 62. b5 Kc7 63. Nf5 Be2 1-0

[Event "Quebec-ch qual. 2"]
[Site "Montreal CAN"]
[Date "1999.05.16"]
[Round "4"]
[White "Bolduc, Steve"]
[Black "Masse, Hugues"]
[Result "1-0"]
[WhiteElo "2227"]
[BlackElo "1738"]
[PlyCount "161"]
[GameId "2160767911805094"]
[EventDate "1999.05.16"]
[EventType "swiss"]
[EventRounds "5"]
[EventCountry "CAN"]
[SourceTitle "hb 2011"]

1. d4 d5 2. Nf3 c5 3. c4 e6 4. cxd5 exd5 5. g3 Nc6 6. Bg2 Be7 7. O-O Nf6 8. Nc3 O-O 9. Bg5 cxd4 10. Nxd4 h6 11. Be3 Re8 12. Rc1 Bg4 13. h3 Be6 14. Nxe6 fxe6 15. Qa4 Qa5 16. Qxa5 Nxa5 17. Nb5 Bd8 18. b3 Nc6 19. Nd6 Re7 20. Nxb7 Nb4 21. Nxd8 Rxd8 22. Bc5 Rb7 23. Bxb4 Rxb4 24. Rc7 Rd7 25. Rxd7 Nxd7 26. Rc1 Rb7 27. e3 Kf7 28. Rc8 Ne5 29. f4 Nd7 30. Bf1 Nf6 31. Ba6 Rd7 32. a4 Ne4 33. b4 Nxg3 34. Bb5 Re7 35. Bc6 Nf5 36. Kf2 Nd6 37. Rd8 Nb7 38. Rb8 Nd6 39. a5 Rc7 40. b5 Ke7 41. b6 axb6 42. a6 Rxc6 43. a7 Rc2+ 44. Ke1 Ra2 45. a8=Q Rxa8 46. Rxa8 Nc4 47. Ke2 Kf6 48. Rf8+ Ke7 49. Rb8 Kf6 50. Rf8+ Ke7 51. Rh8 Kf6 52. Kf3 Kg6 53. Rf8 Nd6 54. Kf2 Nc4 55. f5+ exf5 56. Rd8 Kf6 57. Rxd5 Ke6 58. Rd8 Ke7 59. Rc8 b5 60. Rc7+ Kf6 61. Rc6+ Kf7 62. Rc5 Nd6 63. Kf3 Ke6 64. h4 Kf6 65. h5 Ke6 66. Kf4 Kf6 67. Rc7 Nc4 68. Rc6+ Ke7 69. Kxf5 Nxe3+ 70. Kg6 b4 71. Kxg7 b3 72. Rb6 Ng4 73. Rxb3 Ke6 74. Rg3 Ne5 75. Kxh6 Kf7 76. Kh7 Kf8 77. Rg1 Ke7 78. Kg7 Nf3 79. Rf1 Ng5 80. Re1+ Kd7 81. h6 1-0